00784na a2200205 450000100060000000300080000600500170001400800410003104000250007204100080009724501200010524600430022526000910026830000280035950000350038774000430042294200130046595200850047899900150056323261MIRAKIL20181213155117.0170821b tu 000 0  aMilasbturcTR-AnCHP atur a15 Temmuz milli irade zaferibKüresel işgale destansı direnişcMemur sendikaları konfederasyonu (MEMUR-SEN) aKüresel işgale destansı direniş aAnkarabMemur sendikaları konfederasyonu (MEMUR-SEN)c2017fSemih Ofset Matbaacılık a192 s.bfotğ.c28 sm. aGEÇİCİ KATALOG KAYDIDIR. aKüresel işgale destansı direniş 2ddccBKS a0001b0001d2017-08-21e2l0p017246r2017-08-21 00:00:00v0.00w2017-08-21yBKS c6747d6747